000 00662nam a2200217 a 4500
005 20240831063747.0
008 120628s2002 mx r 000 0 spa d
020 _a8421641069
035 _aUPN01000185591
049 _aI
050 4 _aPZ76.3
_bO2.3
100 1 _aO'Callaghan i Duch, Elena
_936888
245 1 3 _aUn cumpleaños especial /
_cElena O'Callaghan i Duch ; il. de Tesa González.
260 _aMadrid, Esp. :
_bBruño,
_c2002.
300 _a57 p. :
_bil. col.
440 0 _aAltamar.
_pCuentos ;
_v134.
650 0 _aAnimales
_vCuentos y leyendas
_9234
650 4 _aCuentos infantiles españoles
_97725
905 _aInfantil
999 _c157694
_d157694